000 00389nam a22001577a 4500
005 20200528092838.0
008 200528b xxu||||| |||| 00| 0 eng d
041 _aeng
082 _a340
100 _aBARE ACT
_95744
245 _aTHE TRADE MARKS ACT,1999(47 OF 1999)RULES 2017
260 _aDELHI
_bPROFESSIONALS BOOK PUBLISHERS
300 _a184;p
650 _aLAW
_95701
942 _cBK
999 _c6545
_d6543